| 000 | 00000nam 2200000zi 4500 |
| 001 | 9.945239 |
| 003 | CaOODSP |
| 005 | 20250127130759 |
| 006 | m o d f |
| 007 | cr mn||||||||| |
| 008 | 241115e202501##quca o f000 0 eng d |
| 020 | |a9780660745305 |
| 040 | |aCaOODSP|beng|erda|cCaOODSP |
| 043 | |an-cn--- |
| 086 | 1 |aEn14-564/2024E-PDF |
| 245 | 00|aDirect air carbon dioxide capture and geological storage : |bfederal offset protocol, public consultation, preliminary draft. |
| 246 | 17|aPreliminary draft - direct air carbon dioxide capture and geological storage, version 1.0 |
| 264 | 1|aGatineau, Quebec : |bEnvironment and Climate Change Canada = Environnement et changement climatique Canada, |cJanuary 2025. |
| 264 | 4|c©2025 |
| 300 | |a1 online resource (v, 55 pages) : |bcolour illustration |
| 336 | |atext|btxt|2rdacontent |
| 337 | |acomputer|bc|2rdamedia |
| 338 | |aonline resource|bcr|2rdacarrier |
| 500 | |aIssued also in French under title: Captage et stockage géologique du dioxyde de carbone direct de l'air : protocole fédéral de crédits compensatoires, avant-projet pour consultation publique. |
| 500 | |aTitle from cover. |
| 500 | |a"Canada's greenhouse gas offset credit system." |
| 500 | |a"EC24060"--Page [ii]. |
| 650 | 0|aCarbon sequestration|zCanada. |
| 650 | 0|aGeological carbon sequestration|zCanada. |
| 650 | 0|aCarbon dioxide mitigation|zCanada. |
| 710 | 1 |aCanada. |bEnvironment and Climate Change Canada, |eissuing body. |
| 775 | 08|tCaptage et stockage géologique du dioxyde de carbone direct de l'air : |w(CaOODSP)9.945240 |
| 856 | 40|qPDF|s700 KB|uhttps://publications.gc.ca/collections/collection_2025/eccc/En14-564-2024-eng.pdf |
| 986 | |aEC24060 |